1313 1099 1724 1687 1688 1262 2000 1190 1729 1959 1029 1841 1687 1704 1166 1139 1918 1689 1118 1157 1221 1913 1053 1889 1762 1539 1311 1275 1097 1584 1026 1743 1963 1585 1806 1889 1160 1247 1904 1996 1983 1456 1913 1291 1710 1274 1600 1680 1447 1644 1006 1280 1332 1380 1663 1901 1911 1939 1087 1834 1105 1532 1124 1267 1476 1825 1443 1649 1632 1010 1406 1939 1268 1139 1107 1152 1080 1919 1896 1776 1096 1854 1705 1314 1532 1630 1237 1253 1446 1861 1365 1767 1697 1650 1871 1965 1025 1507 1321 BCNSPRNW ULIB Ver.6.0+V

เปลี่ยนเป็นภาษาไทย

Change to English
 แสดงรายละเอียดบรรณานุกรม
  กลับหน้าหลัก

Brief Record : Get Marc (ISO 2709) : E-mail record : QR code < ปิดหน้าต่าง
LEADER : 00000nam 2200000uu 4500
001    13399111256
003     ULIB
008    110621s||||||||th 000 0 tha d
020    9789748420585
050  4 BF637.S8^bอ598ด ล.3 2551
100 0  อาจอง ชุมสาย ณ อยุธยา
245 10 ด้วยรักบันดาล...นิทานสีขาว /^cเล่าเรื่องโดย อาจอง ชุมสาย ณ อยุธยา ;สุพัตรา แซ่ลิ่ม เรียบเรียง ;[บรรณาธิการ อิศวเรศ ตโมนุท]
250    พิมพ์ครั้งที่ 2
260    กรุงเทพฯ :^bฟรีมายด์,^c2551
300    195 หน้า :^bภาพประกอบ
650  4 นิทานสอนใจ
650  4 การดำเนินชีวิต
650  4 ความสำเร็จ
650  4 นิทานคติธรรม
700 0  สุพัตรา แซ่ลิ่ม
700 0  อิศวเรศ ตโมนุท,^eบรรณาธิการ
945    ^p185^l0^i024045
945    ^p185^l0^i024044
995    ทศพร
999 ^a ใช้งานได้ทุกระบบ
รายการนี้ยังไม่มีแท็ก
คุณยังไม่ได้ล็อกอิน คุณสามารถมีกิจกรรมร่วมกับเว็บไซต์ได้ แต่ต้องล็อกอินก่อน ::
  ล็อกอิน

รายการสื่อสารสนเทศ

ลำดับที่ ประเภท เลขเรียก/บาร์โค้ด สถานที่ สถานะ
- ไม่พบข้อมูล -

รายการใกล้เคียง
    ผู้แต่ง [อาจอง ชุมสาย ณ อยุธยา]

    หัวเรื่อง [นิทานสอนใจ]
    หัวเรื่อง [การดำเนินชีวิต]
    หัวเรื่อง [ความสำเร็จ]
    หัวเรื่อง [นิทานคติธรรม]

BibComment


ยังไม่เคยถูกคอมเมนท์

คอมเมนท์ทรัพยากรรายการนี้
  คอมเมนท์: ด้วยรักบันดาลนิทา..


 Copyright 2026. Bcnsprnw @Library